Giáo trình toán cao cấp A

Nội dung tài liệu trình bày những nội dung cơ bản của toán cao cấp: Hệ phương trình tuyến tính, ma trận, định thức, phép tính vi phân hàm một biến, phép tính tích phân hàm một biến, lý thuyết chuỗi, phép tính vi phân hàm nhiều biến, phươn...

詳細記述

保存先:
書誌詳細
第一著者: Lê, Thanh Tùng
フォーマット: 図書
言語:Undetermined
出版事項: Cần Thơ Đại học Cần Thơ 2017
主題:
タグ: タグ追加
タグなし, このレコードへの初めてのタグを付けませんか!
Thư viện lưu trữ: Trung tâm Học liệu Trường Đại học Cần Thơ
LEADER 01032nam a2200241Ia 4500
001 CTU_224725
008 210402s9999 xx 000 0 und d
020 |c 45000 
082 |a 515 
082 |b T513 
100 |a Lê, Thanh Tùng 
245 0 |a Giáo trình toán cao cấp A 
245 0 |c Lê Thanh Tùng, Hồ Hữu Lộc 
260 |a Cần Thơ 
260 |b Đại học Cần Thơ 
260 |c 2017 
520 |a Nội dung tài liệu trình bày những nội dung cơ bản của toán cao cấp: Hệ phương trình tuyến tính, ma trận, định thức, phép tính vi phân hàm một biến, phép tính tích phân hàm một biến, lý thuyết chuỗi, phép tính vi phân hàm nhiều biến, phương trình vi phân 
526 |a Toán cao cấp C 
526 |b TN009 
650 |a Mathematical Analysis 
904 |i Tuyến 
910 |b vdbang 
980 |a Trung tâm Học liệu Trường Đại học Cần Thơ